|
|
|
|
| LEADER |
00000cam a2200000 a 4500 |
| 001 |
017515 |
| 003 |
UAHC_CL |
| 005 |
20170803121515.0 |
| 008 |
100616b xx j 000 1 eng |
| 020 |
|
|
|a 9871283172
|
| 040 |
|
|
|a UAHC_CL
|c UAHC_CL
|d UAHC_CL
|
| 100 |
1 |
|
|a Odifreddi, Piergiorgio
|d 1950
|
| 245 |
1 |
3 |
|a La matemática del siglo XX :
|b de los conjuntos a la complejidad /
|c Piergiorgio Odifreddi ; prólogo de Gian Carlo Rota ; traducido por Cecilia Idiarte.
|
| 250 |
|
|
|a 1a. ed.
|
| 260 |
|
|
|b Katz
|a Buenos Aires
|c 2006
|
| 300 |
|
|
|a 267 p.
|b il.
|
| 490 |
0 |
|
|a Difusión
|v 1003
|
| 520 |
|
|
|a El siglo XX fue el siglo de la matemática: sólo en cien años se demostraron más teoremas que en todo el curso de la historia, y muchos de ellos han encontrado aplicaciones en los campos más variados de la ciencia e incluso de las humanidades. Describiendo las ideas, los resultados, a los protagonistas principales y los problemas todavía irresueltos, LA MATEMÁTICA DEL SIGLO XX reconstruye del modo más sencillo posible los extraordinarios logros de una disciplina percibida como abstrusa y distante de la vida cotidiana. Aparece así ante el lector la empresa de algunos gigantes del siglo, de Einstein a Gódel narrando también las soluciones a algunos dilemas como el teorema de Fermat o la hipótesis del continuo.
|
| 700 |
1 |
|
|a Idiarte, Cecilia
|e trad.
|
| 700 |
1 |
|
|a Rota, Gian-Carlo
|d 1932-1999.
|
| 900 |
|
|
|a 509 ODI
|
| 942 |
|
|
|c BK
|
| 952 |
|
|
|0 0
|1 0
|4 0
|6 509_000000000000000_ODI
|7 0
|8 General
|9 35018
|a BC
|b BC
|c General
|d 2017-08-03
|l 0
|o 509 ODI
|p 1378438
|r 2026-01-13 00:00:00
|t 1
|w 2017-08-03
|y BK
|
| 999 |
|
|
|c 17515
|d 17515
|